Bilecik Bilecik Bilecik Bilecik Bilecik

Fizikokimya/ (Record no. 41487)

MARC details
000 -BAŞLIK
Sabit Uzunluktaki Kontrol Alanı 01283nam a22003137a 4500
001 - KONTROL NUMARASI
Control Dosyası 0041637
003 - KONTROL NUMARASI KİMLİĞİ
Kontrol Alanı KOHA_MİRAKIL
005 - EN SON İŞLEM TARİHİ ve ZAMANI
Kontrol Alanı 20260207003244.0
007 - FİZİKSEL TANIM SABİT ALAN - GENEL BİLGİ
Sabit uzunluklu kontrol alanı ta
008 - SABİT UZUNLUKTAKİ VERİ ÖGELERİ - GENEL BİLGİ
Sabit Alan 130813b2001 tu a|||gr||||#||||0|tur |
020 ## - ISBN - ULUSLARARASI STANDART KİTAP NUMARASI
Isbn 9755560491
040 ## - KATALOGLAMA KAYNAĞI
Özgün Kataloglama Kurumu TR-BiSEU
Kataloglama Dili tur
Çeviri Kurumu TR-BiSEU
Açıklama Kuralları rda
041 0# - DİL KODU
Metin ya da ses kaydının dil kodu tur
044 ## - YAYINLAYAN/ÜRETEN KURULUŞUN ÜLKE KODU
ISO country code tu
050 ## - SINIFLAMA ve YER NUMARASI
Sınıflama Numarası QD453.2
Yer Numarası .A85 2001
100 1# - KİŞİ ADI
Yazar Adı (Kişi adı) Atkins, P.W..
245 1# - ESER ADI BİLDİRİMİ
Başlık Fizikokimya/
Sorumluluk Bildirimi P.W. Atkins ; P.W. Atkins; çeviren Salih Yıldız, Hamza Yılmaz, Esma Kılıç.
250 ## - BASIM BİLDİRİMİ
Basım Bildirimi 2. Baskı
264 #1 - ÜRERİM, YAYIN, DAĞITIM ve TELİF BİLDİRİMİ
Yayın yeri Ankara :
Yayınlayan Bilim Yayınevi
Yayın tarihi 2001
300 ## - FİZİKSEL TANIMLAMA
Sayfa, Cilt vb. XX, 1014 sayfa :
Diğer fiziki detaylar resimli ;
Boyutları 27 cm.
336 ## - İÇERİK TÜRÜ
Content type term metin
Content type code txt
Source rdacontent
337 ## - MEDYA TÜRÜ
Media type term aracısız
Media type code n
Source rdamedia
338 ## - TAŞIYICI TÜRÜ
Carrier type term cilt
Carrier type code nc
Source rdacarrier
500 ## - GENEL NOT
Genel Not Dizin var.
505 ## - İÇİNDEKİLER NOTU
İçindekiler Notu - Denge
650 #0 - KONU BAŞLIĞI EK GİRİŞ - KONU TERİMİ
Konusal terim veya coğrafi ad Fizikokimya.
9 (RLIN) 3322
650 #0 - KONU BAŞLIĞI EK GİRİŞ - KONU TERİMİ
Konusal terim veya coğrafi ad Physical Chemistry.
9 (RLIN) 51887
942 ## - EK GİRİŞ ÖGELERİ (KOHA)
Source of classification or shelving scheme Library of Congress Classification
Koha item type Book
505 ## - İÇİNDEKİLER NOTU
-- - Gazların Özellikleri
-- - Saf Maddelerin Fiziksel Dönüümleri
-- - Kimyasal Denge
-- - Maddelerin Yapıları
-- - Kuantum Teorisi
-- - Atomun Yapısı ve Atomik Spektrumlar
-- - Molekül Yapısı
-- - İstatistik Ternodinamik
-- - Makromoleküller ve Kolloidler
-- - Değişme
-- - Hareket Halindeki Moleküller
-- - Karmaşık Reaksiyonların Kinetiği
-- - Katı Yüzeylerdeki Olaylar
-- - Dinamik Elektrokimya
Holdings
Materyal Türü Kalıcı Konum Mevcut Konum Raf Yeri Sınıflandırma Kaynağı Edinim Bilgisi Ana Konular Alt Konular Yer Numarası Demirbaş Numarası Fatura Tarihi Maliyet, Alış Fiyatı Maliyet, Yenileme Fiyatı Geri Çekilme Durumu Kayıp Durumu Hasarlı Durumu Kredi için değil Kayıt Tarih Toplam Ödünçverme Son Görülme Tarihi Son Kontrol Tarihi Satın Alma Notu Genel / Bağış Notu
Book Prof. Dr. Azmi Özcan Kütüphanesi Prof. Dr. Azmi Özcan Kütüphanesi Birûni Salonu Library of Congress Classification Satın BİLİM Kimya QD453.2 .A85 2001 0041637 24/09/2013 27.82 27.82         30/07/2013 8 05/12/2024 05/12/2024 73291-73383 (92 sayfa)  
Book Prof. Dr. Azmi Özcan Kütüphanesi Prof. Dr. Azmi Özcan Kütüphanesi Birûni Salonu Library of Congress Classification Satın BİLİM Kimya QD453.2 .A85 2001 0041639 24/09/2013 27.82 27.82         30/07/2013 8 05/12/2024 05/12/2024 73291-73383 (92 sayfa)  
Book Prof. Dr. Azmi Özcan Kütüphanesi Prof. Dr. Azmi Özcan Kütüphanesi Birûni Salonu Library of Congress Classification Bağış BİLİM Kimya QD453.2 .A85 2001 0044308 02/02/2026 27.82 27.82         13/08/2013 8 05/12/2024 05/12/2024   Genel Bağış
Book Prof. Dr. Azmi Özcan Kütüphanesi Prof. Dr. Azmi Özcan Kütüphanesi Birûni Salonu Library of Congress Classification Bağış BİLİM Kimya QD453.2 .A85 2001 0044310 02/02/2026 27.82 27.82         13/08/2013 7 05/12/2024 05/12/2024   Genel Bağış